00449nam a2200169Ia 4500003000400000008004100004040001600045082002000061100001700081245004700098700001800145260004700163300000900210650002600219650001300245650002100258GCL140319s9999 xx 000 0 eng d aGCL / cGCL04aCHb823.87bJ G1 aJACKSON, IAN10aTHE GREAT UNDERSEA SEARCH / cJACKSON, IAN1 aGRIFFIN, ANDY a[S.N] : bUSBORNE PUBLISHING LTD ، c1996 a32 P04aCHILDREN - LITERATURE04aCHILDREN04aUNDER SEA SEARCH